000
00287nam a22001217a 4500
008
160507b xxu||||| |||| 00| 0 eng d
020
_a
2900073303238
020
_a
9780072886160
041
_a
eng
080
_a
573
245
_a
Essentials of biology:
_c
Sylvia S. Mader;
942
_2
udc
_c
BK
999
_c
1925
_d
1925